Contribución al estudio del dialecto leonés (Record no. 109885)

MARC details
000 -LEADER
campo de control de longitud fija 00665nam a2200193 i 4500
001 - NÚMERO DE CONTROL
campo de control 109885
003 - IDENTIFICADOR DE NÚMERO DE CONTROL
campo de control ES-MaACL
005 - FECHA Y HORA DE LA ÚLTIMA TRANSACCIÓN
campo de control 20230906184932.0
007 - CAMPO FIJO DE DESCRIPCIÓN FÍSICA--INFORMACIÓN GENERAL
campo de control de longitud fija t|
008 - DATOS DE LONGITUD FIJA--INFORMACIÓN GENERAL
campo de control de longitud fija 061121s1909 sp r ||||1| spa d
100 1# - ENTRADA PRINCIPAL--NOMBRE DE PERSONA
Nombre de persona Onís, Federico de,
Fechas asociadas al nombre 1885-1966
9 (RLIN) 87087
245 10 - MENCIÓN DEL TÍTULO
Título Contribución al estudio del dialecto leonés
Resto del título : examen filológico de algunos documentos de la cátedral de Salamanca /
Mención de responsabilidad, etc. Federico de Onís.
260 ## - PUBLICACIÓN, DISTRIBUCIÓN, ETC.
Lugar de publicación, distribución, etc. Salamanca :
Nombre del editor, distribuidor, etc. [s.n.],
Fecha de publicación, distribución, etc. 1909 (
Fabricante Imp. de F. Núñez Izquierdo)
300 ## - DESCRIPCIÓN FÍSICA
Extensión 93 p. ;
Dimensiones 21 cm.
502 ## - NOTA DE TESIS
Nota de tesis Tesis doctoral.
650 #4 - PUNTO DE ACCESO ADICIONAL DE MATERIA--TÉRMINO DE MATERIA
Término de materia o nombre geográfico como elemento de entrada Dialecto leonés.
9 (RLIN) 163592
852 ## - LOCALIZACIÓN
Ubicación ES-MaACL
Número de control de estantería T-1200-F-4
Holdings
Estatus retirado Estado de pérdida Estado de daño No para préstamo Colección Biblioteca de origen Biblioteca actual Ubicación en estantería Fecha de adquisición Fuente de adquisición Total de préstamos Signatura topográfica completa Código de barras Visto por última vez Precio de reemplazo Tipo de ítem Koha
        Colección de folletos Biblioteca del Ateneo de Madrid Biblioteca del Ateneo de Madrid Depósito folletos 17/01/2008     T-1200-F-4 1114649 23/02/2023 23/02/2023 Folleto